Sistema agroindustrial coco en la región Costa Grande y Costa Chica de Guerrero, Tecomán, Colima y Guadalajara, Jalisco / (Record no. 173696)
[ view plain ]
| 000 -CABECERA | |
|---|---|
| campo de control de longitud fija | 01569nam a2200397Ia 4500 |
| 001 - NÚMERO DE CONTROL | |
| campo de control | dia_3198 |
| 003 - IDENTIFICADOR DEL NÚMERO DE CONTROL | |
| campo de control | CHAP |
| 005 - FECHA Y HORA DE LA ÚLTIMA TRANSACCIÓN | |
| campo de control | 20240610141843.0 |
| 007 - CAMPO FIJO DE DESCRIPCIÓN FÍSICA--INFORMACIÓN GENERAL | |
| campo de control de longitud fija | ta |
| 008 - DATOS DE LONGITUD FIJA--INFORMACIÓN GENERAL | |
| campo de control de longitud fija | 220117s2004 mx ado f 001 0 spa d |
| 040 ## - FUENTE DE LA CATALOGACIÓN | |
| Centro catalogador/agencia de origen | mxchpua |
| Centro/agencia transcriptor | CHAP |
| 090 ## - LOCALMENTE ASIGNADO TIPO-LC NÚMERO DE CLASIFICACIÓN (OCLC); NÚMERO DE CLASIFICACIÓN LOCAL (RLIN) | |
| Número de clasificación (OCLC) (R) ; Numero de clasificación, CALL (RLIN) (NR) | T.C.372 |
| Número cutter local (OCLC) ; Número de libro/Signatura topográfica íntegra, CALL (RLIN) | A83 SAI |
| Año | 2004 |
| 245 10 - MENCIÓN DE TÍTULO | |
| Título | Sistema agroindustrial coco en la región Costa Grande y Costa Chica de Guerrero, Tecomán, Colima y Guadalajara, Jalisco / |
| Mención de responsabilidad, etc. | coordinador Rogelio Ascencio Rivera ; colaboradores Mario Augusto Bolaños Carrillo...[et al.] |
| 260 ## - PUBLICACIÓN, DISTRIBUCIÓN, ETC. | |
| Lugar de publicación, distribución, etc. | México : |
| Nombre del editor, distribuidor, etc. | El autor, |
| Fecha de publicación, distribución, etc. | 2004 |
| 300 ## - DESCRIPCIÓN FÍSICA | |
| Extensión | iii, 127 hojas : |
| Otras características físicas | ilustraciones, tablas, gráficas, diagramas, fotos |
| 336 ## - TIPO DE CONTENIDO | |
| Fuente | rdacontent |
| Término de tipo de contenido | texto |
| Código de tipo de contenido | txt |
| 337 ## - TIPO DE MEDIO | |
| Fuente | rdamedia |
| Nombre/término del tipo de medio | sin medio |
| Código del tipo de medio | n |
| 338 ## - TIPO DE SOPORTE | |
| Fuente | rdacarrier |
| Nombre/término del tipo de soporte | volumen |
| Código del tipo de soporte | nc |
| 500 ## - NOTA GENERAL | |
| Nota general | Grado : 6° año Grupo : 03<br/>Directorio : hoja 127 |
| 502 ## - NOTA DE TESIS | |
| Nota de tesis | Viaje de Estudios |
| Tipo de título | (SAI) -- |
| Nombre de la institución que otorga el título | UACh. Departamento de Ingeniería Agroindustrial, |
| Año de obtención del título | 2004 |
| 504 ## - NOTA DE BIBLIOGRAFÍA, ETC. | |
| Nota de bibliografía, etc. | Bibliografía : hoja 126 |
| 650 13 - PUNTO DE ACCESO ADICIONAL DE MATERIA--TÉRMINO DE MATERIA | |
| Término de materia o nombre geográfico como elemento de entrada | Cocos (fruto) |
| 9 (RLIN) | 154290 |
| 650 13 - PUNTO DE ACCESO ADICIONAL DE MATERIA--TÉRMINO DE MATERIA | |
| Término de materia o nombre geográfico como elemento de entrada | Productos derivados del coco |
| 9 (RLIN) | 148327 |
| 650 10 - PUNTO DE ACCESO ADICIONAL DE MATERIA--TÉRMINO DE MATERIA | |
| Término de materia o nombre geográfico como elemento de entrada | Industria agrícola |
| Subdivisión geográfica | México |
| 9 (RLIN) | 148371 |
| 650 13 - PUNTO DE ACCESO ADICIONAL DE MATERIA--TÉRMINO DE MATERIA | |
| Término de materia o nombre geográfico como elemento de entrada | Coconuts |
| 9 (RLIN) | 152640 |
| 650 13 - PUNTO DE ACCESO ADICIONAL DE MATERIA--TÉRMINO DE MATERIA | |
| Término de materia o nombre geográfico como elemento de entrada | Coconut products |
| 9 (RLIN) | 148324 |
| 650 13 - PUNTO DE ACCESO ADICIONAL DE MATERIA--TÉRMINO DE MATERIA | |
| Término de materia o nombre geográfico como elemento de entrada | Agricultural industry |
| 9 (RLIN) | 147917 |
| Subdivisión geográfica | México |
| 700 1# - PUNTO DE ACCESO ADICIONAL--NOMBRE DE PERSONA | |
| Nombre de persona | Ascencio Rivera, J. Rogelio |
| 9 (RLIN) | 154289 |
| Término indicativo de función/relación | coordinador |
| 700 1# - PUNTO DE ACCESO ADICIONAL--NOMBRE DE PERSONA | |
| Nombre de persona | Bolaños Carrillo, Mario Augusto |
| 9 (RLIN) | 13466 |
| Término indicativo de función/relación | colaborador |
| 942 ## - ELEMENTOS DE PUNTO DE ACCESO ADICIONAL (KOHA) | |
| Fuente del sistema de clasificación o colocación | Clasificación Universidad Autónoma de Chapingo |
| 901 ## - ELEMENTOS DE DATOS A LOCAL LDA (RLIN) | |
| a | T.C.372 A83 SAI 2004 |
| 902 ## - ELEMENTOS DE DATOS B LOCAL, LDB (RLIN) | |
| a | M |
| 905 ## - ELEMENTOS DE DATOS E LOCAL, LDE (RLIN) | |
| a | 5232272004 mx dnmb8223123322spa16 |
| 942 ## - ELEMENTOS DE PUNTO DE ACCESO ADICIONAL (KOHA) | |
| Tipo de ítem Koha | Viaje de Estudios |
| Estado de retiro | Estado de pérdida | Fuente del sistema de clasificación o colocación | Estado dañado | Restricciones de uso | No para préstamo | Código de colección | Localización permanente | Ubicación/localización actual | Fecha de adquisición | Fuente de adquisición | Total de préstamos | Signatura topográfica completa | Código de barras | Fecha visto por última vez | Número de copia | Precio válido a partir de | Tipo de ítem Koha |
|---|---|---|---|---|---|---|---|---|---|---|---|---|---|---|---|---|---|
| Clasificación Universidad Autónoma de Chapingo | Préstamo interno | Viajes de Estudio | Ingenieria Agroindustrial | Ingenieria Agroindustrial | 18/01/2022 | El autor | T.C.372 A83 SAI 2004 | 1106008543 | 26/01/2026 | Ej.1 | 18/01/2022 | Viaje de Estudios |
